Kompjutery. Primenenije v chimii : Perevod s nemec /

Saved in:
Bibliographic Details
Main Authors: Ebert, Klaus (Author), Ederer, Hanns (Author)
Format: Book
Published: Moskva : Mir, 1988
Tags: Add Tag
No Tags, Be the first to tag this record!

MARC

LEADER 00000nam a22000003a 4500
001 stu14195
005 20150617225659.8
008 ------s1988----xxr---------------------d
040 |a STU  |b slo 
041 0
044 |a xxr 
080 |a 681.3 
100 1 |a Ebert, Klaus  |4 aut 
245 1 |a Kompjutery. Primenenije v chimii :  |b Perevod s nemec /  |c [aut.]Ebert,Klaus, Ederer,Hanns 
260 |a Moskva :  |b Mir,  |c 1988 
300 |a 415 s :  |b Lit.,index 
700 1 |a Ederer, Hanns  |4 aut 
996 |b C82971  |c C*82971  |l CCII  |s P  |a 0  |w stu14195_0001